000 00709nam a2200253Ia 4500
003 EC-GqESP
005 20260119110343.0
008 250425s9999 xx 000 0 und d
010 _a3204
041 _aspa
043 _aec
082 _a332.1866
100 _aCANESSA ONETO, MARIO
245 0 _aLA BANCA DEL ECUADOR: UNA EXPLICACION HISTORICA
250 _a1A ED.
260 _aEcuador
_bESPOL
_c1999
260 _aGUAYAQUIL
300 _a77
500 _aDialogando con los lĂ­deres ecuatorianos del siglo XXI; No. 3. Consultar inv. D-24822, D-24823 en BIBTECEN CIBGZ-FIMCP D-30888 PARA ING. MECANICA.- MHP.
650 _aBANCOS
650 _aECUADOR
710 _aESPOL
942 _c01
999 _c194640
_d194640